Central Library OPAC University of Rajshahi
Normal view MARC view

Entry Geographic Name

Number of records used in: 2

001 - CONTROL NUMBER

  • control field: 17159

003 - CONTROL NUMBER IDENTIFIER

  • control field: BD-RjUL

005 - DATE AND TIME OF LATEST TRANSACTION

  • control field: 20251012145912.0

008 - FIXED-LENGTH DATA ELEMENTS

  • fixed length control field: 251012|| aca||aabn | a|a d

040 ## - CATALOGING SOURCE

  • Original cataloging agency: BD-RjUL
  • Transcribing agency: BD-RjUL

151 ## - HEADING--GEOGRAPHIC NAME

  • Geographic name: England
  • General subdivision: Social life and customs
  • Chronological subdivision: 16th century
  • General subdivision: Sources

670 ## - SOURCE DATA FOUND

  • Source citation: Work cat.: (BD-RjUL)85842: Harrison, G. B. (George Bagshawe), 1894-1991, ed. 17155, England in Shakespeare's day,, 1949